Nationalities of Nobel Prize Winners - Statistics

General Stats
  • This quiz has been taken 51 times
  • The average score is 17 of 30
Answer Stats
year winner country % Correct
1911 Marie Curie Poland
82%
1945 Alexander Fleming Scotland
79%
1962 James Watson United States
79%
1933 Erwin Schrödinger Austria
77%
1904 Ivan Pavlov Russia
77%
1906 JJ Thomson United Kingdom
77%
1948 TS Eliot United States
77%
1918 Max Planck Germany
74%
1961 Dag Hammarskjöld Sweden
74%
1950 Bertrand Russell Wales
74%
1957 Albert Camus France
72%
1973 Lê Đức Thọ Vietnam
72%
1923 WB Yeats Ireland
69%
1922 Niels Bohr Denmark
67%
1962 Francis Crick United Kingdom
67%
1981 James Tobin United States
56%
1954 Linus Pauling United States
54%
1978 Menachem Begin Israel
51%
1908 Ernest Rutherford New Zealand
51%
1979 Mother Teresa Macedonia
49%
1991 Nadine Gordimer South Africa
49%
1974 Friedrich Hayek Austria
46%
2001 Joseph Stiglitz United States
46%
1952 Albert Schweitzer France
38%
1969 Odd Hassel Norway
38%
1966 Rolf Zinkernagel Switzerland
38%
1933 Paul Dirac United Kingdom
38%
1939 Leopold Ružička Croatia
31%
1998 Amartya Sen Bangladesh
26%
2010 Christopher Pissarides Cyprus
18%
No matching quizzes found
Score Distribution
Percent of People with Each Score
Percentile by Number Answered
Your Score History
You have not taken this quiz